LEADER 00937cam0 22002653 450 001 SOB0000003688 005 20200921091410.0 100 $a20010315d1993 |||||ita|0103 ba 101 $aita 102 $aIT 200 1 $aTerritorio Siracusa$eUn censimento dei beni culturali, storici e ambientali della provincia di Siracusa$fa cura di Salvatore Tringali$ge Rosanna La Rosa 210 $aIspica$cI.C.T.$d1993 215 $a288 p.$d24 cm. 500 11$aTerritorio [...]$3UF00001273$9324559 702 1$aTRINGALI, Salvatore$3AF00020573$4070 702 1$aLA_ROSA, Rosanna$3AF00020574$4070 801 0$aIT$bUNISOB$c20200921$gRICA 850 $aUNISOB 852 $aUNISOB$j700$m85704 912 $aSOB0000003688 940 $aM 102 Monografia moderna SBN 941 $aM 957 $a700$b002012$gSI$d85704$rACQUISTO$1Spinosa$2UNISOB$3UNISOB$420191004110100.0$520191004110112.0$6Spinosa 996 $aTerritorio$9324559 997 $aUNISOB